| Current Events | 3 | 23.33 | 100% | 67% | 67% |
| Fine Arts - Auditory Fine Arts | 1 | 20.00 | 100% | 100% | 0% |
| Fine Arts - Other Fine Arts | 1 | 10.00 | 100% | 0% | 0% |
| Fine Arts - Visual Fine Arts | 2 | 15.00 | 100% | 50% | 0% |
| Geography | 2 | 20.00 | 100% | 100% | 0% |
| History - American History | 1 | 10.00 | 0% | 100% | 0% |
| History - Ancient/Other History | 2 | 20.00 | 100% | 100% | 0% |
| History - European History | 2 | 20.00 | 100% | 50% | 50% |
| History - World History | 2 | 15.00 | 100% | 50% | 0% |
| Literature - American Literature | 1 | 10.00 | 100% | 0% | 0% |
| Literature - British Literature | 2 | 5.00 | 50% | 0% | 0% |
| Literature - European Literature | 1 | 10.00 | 100% | 0% | 0% |
| Literature - World Literature | 2 | 40.00 | 200% | 200% | 0% |
| Mythology | 1 | 0.00 | 0% | 0% | 0% |
| Religion | 1 | 0.00 | 0% | 0% | 0% |
| Science - Biology | 1 | 10.00 | 100% | 0% | 0% |
| Science - Chemistry | 2 | 15.00 | 100% | 50% | 0% |
| Science - Other Science | 3 | 20.00 | 100% | 67% | 33% |
| Science - Physics | 1 | 0.00 | 0% | 0% | 0% |
| Social Science | 1 | 10.00 | 100% | 0% | 0% |
| Current Events | 1 | 20.00 | 100% | 100% | 0% |
| Fine Arts - Auditory Fine Arts | 1 | 0.00 | 0% | 0% | 0% |
| Fine Arts - Other Fine Arts | 3 | 16.67 | 100% | 67% | 0% |
| Fine Arts - Visual Fine Arts | 5 | 18.00 | 80% | 80% | 20% |
| Geography | 4 | 15.00 | 75% | 50% | 25% |
| History - American History | 2 | 10.00 | 100% | 0% | 0% |
| History - European History | 4 | 15.00 | 100% | 25% | 25% |
| History - World History | 3 | 10.00 | 100% | 0% | 0% |
| Literature - American Literature | 6 | 6.67 | 67% | 0% | 0% |
| Literature - British Literature | 4 | 15.00 | 100% | 25% | 25% |
| Literature - European Literature | 2 | 10.00 | 50% | 0% | 50% |
| Literature - World Literature | 3 | 10.00 | 67% | 33% | 0% |
| Mythology | 1 | 10.00 | 100% | 0% | 0% |
| Other Academic | 3 | 16.67 | 100% | 67% | 0% |
| Philosophy | 5 | 14.00 | 100% | 40% | 0% |
| Religion | 3 | 10.00 | 67% | 33% | 0% |
| Science - Biology | 3 | 10.00 | 67% | 33% | 0% |
| Science - Chemistry | 4 | 15.00 | 100% | 50% | 0% |
| Science - Other Science | 3 | 13.33 | 100% | 33% | 0% |
| Science - Physics | 3 | 10.00 | 100% | 0% | 0% |
| Social Science | 4 | 12.50 | 75% | 50% | 0% |